Detalles MARC
| 000 -CABECERA |
| campo de control de longitud fija |
00922nam a2200205 a 4500 |
| 001 - NÚMERO DE CONTROL |
| campo de control |
000039859 |
| 005 - FECHA Y HORA DE LA ÚLTIMA TRANSACCIÓN |
| campo de control |
20201002033756.0 |
| 008 - DATOS DE LONGITUD FIJA--INFORMACIÓN GENERAL |
| campo de control de longitud fija |
130725s1987 sp 000 0 spa d |
| 020 ## - NÚMERO INTERNACIONAL ESTÁNDAR DEL LIBRO |
| Número Internacional Estándar del Libro |
8400067088 |
| 040 ## - FUENTE DE LA CATALOGACIÓN |
| Centro catalogador/agencia de origen |
DO-SdBNP |
| Lengua de catalogación |
spa |
| Centro/agencia transcriptor |
BNPHU |
| 100 1# - ENTRADA PRINCIPAL--NOMBRE DE PERSONA |
| Nombre de persona |
Lobo Guerrero, Bartolomé. |
| 9 (RLIN) |
66060 |
| 245 10 - MENCIÓN DE TÍTULO |
| Título |
Sínodos de Lima de 1613 y 1636 / : / |
| Mención de responsabilidad, etc. |
Bartolomé Lobo Guerrero, Fernando Arias de Ugarte. |
| 260 ## - PUBLICACIÓN, DISTRIBUCIÓN, ETC. |
| Lugar de publicación, distribución, etc. |
Madrid : |
| Nombre del editor, distribuidor, etc. |
Instituto de Historia de la Teologia Español : |
| -- |
Universidad Pontificia de Salamanca Centro de Estudios Históricos., |
| Fecha de publicación, distribución, etc. |
1987. |
| 300 ## - DESCRIPCIÓN FÍSICA |
| Extensión |
v. (457) p. ; |
| Dimensiones |
24 cm. |
| 490 1# - MENCIÓN DE SERIE |
| Mención de serie |
Tierra nueva e cielo nuevo ; |
| -- |
Sínodos americanos |
| Designación de volumen o secuencia |
6 |
| -- |
22 |
| 500 ## - NOTA GENERAL |
| Nota general |
V quinto centenario del descubrimiento de América |
| 504 ## - NOTA DE BIBLIOGRAFÍA, ETC. |
| Nota de bibliografía, etc. |
Incluye referencias bibliográficas y notas al pie de las páginas |
| 700 1# - PUNTO DE ACCESO ADICIONAL--NOMBRE DE PERSONA |
| Nombre de persona |
Arias de Ugarte, Fernando. |
| 9 (RLIN) |
66061 |
| 830 #0 - PUNTO DE ACCESO ADICIONAL DE SERIE-TÍTULO UNIFORME |
| Título uniforme |
Tierra nueva e cielo nuevo ; |
| Designación de volumen o secuencia |
22 |
| Nombre de parte o sección de la obra |
Sínodos americanos |
| Designación de volumen o secuencia |
6 |
| 9 (RLIN) |
66062 |